[Event "Ïåðâåíñòâî Ìîñêâû ïî øàõìàòàì 2015 ñðåäè ìàëü÷èêîâ (Ì17)"]
[Site "Moscow"]
[Date "2015.11.19"]
[Round "8.3"]
[White "Ãåðìàí, Íèêèòà"]
[Black "Íàâðîäñêèé, Áîðèñ"]
[Result "1-0"]
[WhiteElo "2061"]
[BlackElo "2173"]
[PlyCount "0"]
[EventDate "2015.11.12"]

1. e4 {[%clk 1:30:59]} c6 {[%clk 1:27:17]} 2. d4 {[%clk 1:31:20]} d5
{[%clk 1:27:43]} 3. Nc3 {[%clk 1:31:44]} dxe4 {[%clk 1:28:07]} 4. Nxe4
{[%clk 1:32:10]} Bf5 {[%clk 1:28:31]} 5. Ng3 {[%clk 1:32:35]} Bg6
{[%clk 1:28:55]} 6. h4 {[%clk 1:32:59]} h6 {[%clk 1:29:20]} 7. Nf3
{[%clk 1:33:17]} Nd7 {[%clk 1:29:44]} 8. h5 {[%clk 1:33:38]} Bh7 {[%clk 1:30:09]}
9. Bd3 {[%clk 1:33:59]} Bxd3 {[%clk 1:30:38]} 10. Qxd3 {[%clk 1:34:22]} e6
{[%clk 1:31:03]} 11. Bd2 {[%clk 1:34:44]} Ngf6 {[%clk 1:31:23]} 12. O-O-O
{[%clk 1:34:48]} Be7 {[%clk 1:31:33]} 13. Kb1 {[%clk 1:33:21]} Qb6
{[%clk 1:29:09]} 14. Ne4 {[%clk 1:31:33]} Nxe4 {[%clk 1:26:01]} 15. Qxe4
{[%clk 1:31:52]} Nf6 {[%clk 1:26:28]} 16. Qe2 {[%clk 1:32:00]} Nd5
{[%clk 1:11:20]} 17. c4 {[%clk 1:25:37]} Nf6 {[%clk 1:03:58]} 18. Bc3
{[%clk 1:24:32]} Bb4 {[%clk 0:56:03]} 19. Bxb4 {[%clk 1:22:49]} Qxb4
{[%clk 0:56:32]} 20. Ne5 {[%clk 1:19:45]} Rf8 {[%clk 0:50:12]} 21. Rh3
{[%clk 1:14:38]} O-O-O {[%clk 0:44:25]} 22. Rg3 {[%clk 1:13:52]} c5
{[%clk 0:37:47]} 23. Rxg7 {[%clk 1:06:34]} Rxd4 {[%clk 0:34:56]} 24. Rxd4
{[%clk 0:53:54]} cxd4 {[%clk 0:35:20]} 25. Rxf7 {[%clk 0:54:09]} Rxf7
{[%clk 0:33:00]} 26. Nxf7 {[%clk 0:54:30]} Qe7 {[%clk 0:32:42]} 27. Ne5
{[%clk 0:54:40]} Nd7 {[%clk 0:31:03]} 28. Nxd7 {[%clk 0:50:22]} Qxd7
{[%clk 0:30:40]} 29. Kc2 {[%clk 0:50:30]} Qd6 {[%clk 0:23:45]} 30. Kd3
{[%clk 0:50:02]} e5 {[%clk 0:23:40]} 31. f4 {[%clk 0:50:00]} exf4
{[%clk 0:23:30]} 32. Qg4+ {[%clk 0:50:20]} Kc7 {[%clk 0:22:06]} 33. Qg7+
{[%clk 0:50:43]} Kc8 {[%clk 0:22:27]} 34. Qxd4 {[%clk 0:50:53]} Qf8
{[%clk 0:22:47]} 35. Qd5 {[%clk 0:50:07]} Qf6 {[%clk 0:22:18]} 36. b3
{[%clk 0:50:19]} Qb2 {[%clk 0:21:41]} 37. Qc5+ {[%clk 0:49:59]} Kb8
{[%clk 0:21:44]} 38. Qf8+ {[%clk 0:50:22]} Kc7 {[%clk 0:22:08]} 39. Qxf4+
{[%clk 0:50:45]} Kc8 {[%clk 0:22:35]} 40. Qd2 {[%clk 0:50:38]} Qb1+
{[%clk 0:22:52]} 41. Kd4 {[%clk 0:50:59]} Qg1+ {[%clk 0:22:59]} 42. Qe3
{[%clk 0:51:08]} Qd1+ {[%clk 0:23:15]} 43. Kc3 {[%clk 0:51:27]} Qxh5
{[%clk 0:23:39]} 44. Qh3+ {[%clk 0:51:50]} 1-0

[Event "Ïåðâåíñòâî Ìîñêâû ïî øàõìàòàì 2015 ñðåäè ìàëü÷èêîâ (Ì17)"]
[Site "Moscow"]
[Date "2015.11.19"]
[Round "8.4"]
[White "×èëèíãàðÿí, Ïàâåë"]
[Black "Õìåëåâ, Ìèõàèë"]
[Result "1/2-1/2"]
[WhiteElo "2096"]
[BlackElo "2026"]
[PlyCount "0"]
[EventDate "2015.11.12"]

1. Nf3 {[%clk 1:30:31]} d5 2. g3 {[%clk 1:30:49]} Nf6 {[%clk 1:28:35]} 3. Bg2
{[%clk 1:31:14]} e6 {[%clk 1:28:57]} 4. O-O {[%clk 1:31:35]} c5 {[%clk 1:29:11]}
5. d4 {[%clk 1:32:00]} Nc6 6. c4 {[%clk 1:32:16]} dxc4 {[%clk 1:26:30]} 7. dxc5
{[%clk 1:32:21]} Bd7 {[%clk 1:16:18]} 8. Na3 {[%clk 1:27:27]} Bxc5
{[%clk 1:11:15]} 9. Nxc4 {[%clk 1:27:38]} O-O {[%clk 1:09:28]} 10. Bg5
{[%clk 1:14:45]} Qe7 {[%clk 1:06:54]} 11. Qb3 {[%clk 1:05:58]} Rab8
{[%clk 0:55:49]} 12. Rad1 {[%clk 0:54:51]} Rfd8 {[%clk 0:47:13]} 13. Bf4
{[%clk 0:48:13]} b5 {[%clk 0:47:33]} 14. Nce5 {[%clk 0:45:57]} Na5
{[%clk 0:46:18]} 15. Qd3 {[%clk 0:41:03]} Be8 {[%clk 0:43:53]} 16. Qb1
{[%clk 0:40:40]} Rbc8 {[%clk 0:37:08]} 17. Ng5 {[%clk 0:35:01]} h6
{[%clk 0:34:28]} 18. Ne4 {[%clk 0:33:30]} Nxe4 {[%clk 0:34:17]} 19. Bxe4
{[%clk 0:33:40]} Bd4 {[%clk 0:30:33]} 20. Nf3 {[%clk 0:24:09]} Bf6
{[%clk 0:30:15]} 21. Rxd8 {[%clk 0:23:19]} Rxd8 {[%clk 0:30:40]} 22. Rc1
{[%clk 0:23:19]} Nc4 {[%clk 0:29:42]} 23. Rc2 {[%clk 0:22:22]} Qb4
{[%clk 0:28:04]} 24. Qe1 {[%clk 0:19:32]} Qxe1+ {[%clk 0:26:40]} 25. Nxe1
{[%clk 0:20:00]} Rd1 {[%clk 0:26:54]} 26. Kf1 {[%clk 0:19:15]} Bxb2
{[%clk 0:26:39]} 27. Bd3 {[%clk 0:19:39]} g5 {[%clk 0:25:33]} 28. Bxc4
{[%clk 0:19:42]} bxc4 {[%clk 0:24:24]} 29. Rxb2 {[%clk 0:16:26]} gxf4
{[%clk 0:24:47]} 30. Rc2 {[%clk 0:16:40]} fxg3 {[%clk 0:24:23]} 31. fxg3
{[%clk 0:17:01]} Bb5 {[%clk 0:23:54]} 32. Kf2 {[%clk 0:17:16]} a5
{[%clk 0:21:42]} 33. Nf3 {[%clk 0:16:42]} Rd5 {[%clk 0:21:48]} 34. Nd2
{[%clk 0:15:02]} Rc5 {[%clk 0:19:55]} 35. Ne4 {[%clk 0:14:54]} Rc6
{[%clk 0:19:59]} 36. Ke3 {[%clk 0:14:05]} e5 {[%clk 0:18:54]} 37. Nc3
{[%clk 0:14:05]} Ba6 {[%clk 0:19:04]} 38. Rd2 {[%clk 0:14:12]} f6
{[%clk 0:17:33]} 39. Rd5 {[%clk 0:14:10]} Kf7 {[%clk 0:17:40]} 40. Rxa5
{[%clk 0:14:20]} Ke6 {[%clk 0:18:04]} 41. g4 {[%clk 0:13:17]} Bc8
{[%clk 0:16:50]} 42. Ra7 {[%clk 0:13:05]} Bd7 {[%clk 0:17:03]} 43. a4
{[%clk 0:13:01]} Rb6 {[%clk 0:16:46]} 44. Rc7 {[%clk 0:11:53]} Rb3
{[%clk 0:16:45]} 45. Kd2 {[%clk 0:12:12]} Rb4 {[%clk 0:15:56]} 46. a5
{[%clk 0:11:28]} Kd6 {[%clk 0:15:53]} 47. Ra7 {[%clk 0:11:38]} Bxg4
{[%clk 0:15:46]} 48. Ne4+ {[%clk 0:11:16]} Kc6 {[%clk 0:15:26]} 49. Nxf6
{[%clk 0:11:26]} Bxe2 {[%clk 0:12:39]} 50. Kxe2 {[%clk 0:10:44]} Rb2+
{[%clk 0:13:05]} 51. Ke3 {[%clk 0:10:57]} Rxh2 {[%clk 0:13:27]} 52. Ne4
{[%clk 0:09:12]} Ra2 {[%clk 0:12:40]} 53. Nc3 {[%clk 0:06:34]} Ra3
{[%clk 0:12:54]} 54. Kd2 {[%clk 0:06:57]} h5 {[%clk 0:13:06]} 55. Kc2
{[%clk 0:06:31]} h4 {[%clk 0:13:15]} 56. a6 {[%clk 0:06:13]} h3 {[%clk 0:13:00]}
57. Rh7 {[%clk 0:05:25]} Rxa6 {[%clk 0:13:21]} 58. Rxh3 {[%clk 0:05:45]} Kc5
{[%clk 0:13:41]} 1/2-1/2

[Event "Ïåðâåíñòâî Ìîñêâû ïî øàõìàòàì 2015 ñðåäè ìàëü÷èêîâ (Ì17)"]
[Site "Moscow"]
[Date "2015.11.19"]
[Round "8.5"]
[White "Àíòîíÿí, Ãðàíò"]
[Black "Ëåâåíøòåéí, Ìàðê"]
[Result "0-1"]
[WhiteElo "2005"]
[BlackElo "2110"]
[PlyCount "0"]
[EventDate "2015.11.12"]

1. e4 {[%clk 1:30:57]} c5 {[%clk 1:30:58]} 2. Nf3 {[%clk 1:31:24]} Nc6
{[%clk 1:31:24]} 3. d4 {[%clk 1:31:50]} cxd4 {[%clk 1:31:51]} 4. Nxd4
{[%clk 1:32:19]} Nf6 {[%clk 1:32:15]} 5. Nc3 {[%clk 1:32:39]} e6 {[%clk 1:32:41]}
6. Ndb5 {[%clk 1:32:39]} Bc5 {[%clk 1:33:06]} 7. Nd6+ {[%clk 1:29:12]} Ke7
{[%clk 1:33:27]} 8. Nxc8+ {[%clk 1:16:28]} Rxc8 {[%clk 1:33:53]} 9. Be2
{[%clk 1:14:52]} Bb4 {[%clk 1:33:04]} 10. Bd2 {[%clk 1:02:20]} Bxc3
{[%clk 1:28:46]} 11. Bxc3 {[%clk 0:59:27]} Nxe4 {[%clk 1:27:19]} 12. Bxg7
{[%clk 0:53:45]} Rg8 {[%clk 1:27:45]} 13. Bd4 {[%clk 0:47:02]} Nxd4
{[%clk 1:06:15]} 14. Qxd4 {[%clk 0:46:34]} Nf6 {[%clk 1:03:43]} 15. Bf3
{[%clk 0:25:15]} Qa5+ {[%clk 0:45:20]} 16. c3 {[%clk 0:22:10]} Qb5
{[%clk 0:35:20]} 17. O-O-O {[%clk 0:20:04]} d5 {[%clk 0:34:44]} 18. Rhe1
{[%clk 0:16:06]} Rc4 {[%clk 0:31:49]} 19. Qe5 {[%clk 0:14:05]} Rc5
{[%clk 0:31:36]} 20. Kb1 {[%clk 0:12:37]} a5 {[%clk 0:28:59]} 21. Ka1
{[%clk 0:08:20]} Rd8 {[%clk 0:26:23]} 22. Rd4 {[%clk 0:04:13]} Rg8
{[%clk 0:19:17]} 23. g3 {[%clk 0:03:03]} Qc6 {[%clk 0:19:02]} 24. Bd1
{[%clk 0:00:46]} b5 {[%clk 0:19:20]} 25. a3 {[%clk 0:00:48]} h6 {[%clk 0:09:51]}
26. f4 {[%clk 0:00:49]} Ne4 {[%clk 0:06:46]} 27. Bf3 {[%clk 0:00:38]} f5
{[%clk 0:06:36]} 28. Rdd1 {[%clk 0:00:31]} b4 {[%clk 0:06:27]} 29. Bxe4
{[%clk 0:00:33]} dxe4 {[%clk 0:06:53]} 30. Qd4 {[%clk 0:00:34]} bxc3
{[%clk 0:06:34]} 31. bxc3 {[%clk 0:00:35]} Rxc3 {[%clk 0:06:49]} 32. Qa7+
{[%clk 0:00:32]} Kf6 {[%clk 0:05:54]} 33. Qd4+ {[%clk 0:00:35]} Kg6
{[%clk 0:05:45]} 34. g4 {[%clk 0:00:34]} Rb8 {[%clk 0:03:32]} 35. gxf5+
{[%clk 0:00:53]} exf5 {[%clk 0:03:42]} 36. Qd6+ {[%clk 0:00:31]} Qxd6
{[%clk 0:03:20]} 37. Rxd6+ {[%clk 0:01:01]} Kh5 {[%clk 0:03:30]} 38. Ka2
{[%clk 0:00:44]} Rc2+ {[%clk 0:03:30]} 39. Ka1 {[%clk 0:01:14]} Rxh2
{[%clk 0:03:40]} 40. Rg1 {[%clk 0:00:33]} Rh4 {[%clk 0:03:08]} 41. Rf6
{[%clk 0:00:31]} Rxf4 {[%clk 0:03:09]} 42. a4 {[%clk 0:00:48]} Re8 43. Rfg6
{[%clk 0:00:31]} e3 {[%clk 0:02:32]} 0-1

[Event "Ïåðâåíñòâî Ìîñêâû ïî øàõìàòàì 2015 ñðåäè ìàëü÷èêîâ (Ì17)"]
[Site "Moscow"]
[Date "2015.11.19"]
[Round "8.6"]
[White "Êóçüìèí, Èâàí"]
[Black "Øîøèí, Áîðèñ"]
[Result "0-1"]
[WhiteElo "1774"]
[BlackElo "1981"]
[PlyCount "0"]
[EventDate "2015.11.12"]

1. d4 {[%clk 1:30:58]} d5 {[%clk 1:30:56]} 2. c4 {[%clk 1:31:20]} c6
{[%clk 1:31:23]} 3. Nf3 {[%clk 1:31:30]} e6 {[%clk 1:31:39]} 4. b3
{[%clk 1:31:53]} Nf6 {[%clk 1:32:03]} 5. Bb2 {[%clk 1:32:13]} c5 {[%clk 1:31:15]}
6. e3 {[%clk 1:32:16]} cxd4 {[%clk 1:31:25]} 7. exd4 {[%clk 1:32:22]} Be7
{[%clk 1:31:48]} 8. Bd3 {[%clk 1:32:30]} O-O {[%clk 1:31:42]} 9. O-O
{[%clk 1:32:52]} b6 {[%clk 1:31:29]} 10. Nbd2 {[%clk 1:33:01]} Bb7
{[%clk 1:31:17]} 11. Ne5 {[%clk 1:33:13]} Nbd7 {[%clk 1:29:29]} 12. Qe2
{[%clk 1:33:17]} dxc4 {[%clk 1:21:45]} 13. bxc4 {[%clk 1:33:34]} Nxe5
{[%clk 1:22:11]} 14. dxe5 {[%clk 1:33:54]} Nd7 {[%clk 1:20:56]} 15. Rad1
{[%clk 1:33:27]} Qc7 {[%clk 1:18:47]} 16. f4 {[%clk 1:32:33]} Rfd8
{[%clk 1:17:51]} 17. f5 {[%clk 1:31:31]} Nc5 {[%clk 1:10:35]} 18. Bc2
{[%clk 1:30:38]} Bf8 {[%clk 1:02:40]} 19. Nf3 {[%clk 1:21:40]} exf5
{[%clk 0:48:30]} 20. Bxf5 {[%clk 1:19:57]} g6 {[%clk 0:48:40]} 21. Bc2
{[%clk 1:10:20]} Ne6 {[%clk 0:47:50]} 22. Kh1 {[%clk 1:05:31]} Bc5
{[%clk 0:38:58]} 23. Bc1 {[%clk 1:04:05]} Bxf3 {[%clk 0:33:54]} 24. Qxf3
{[%clk 1:02:31]} Nd4 {[%clk 0:33:45]} 25. Rxd4 {[%clk 1:00:42]} Bxd4
{[%clk 0:34:11]} 26. Bg5 {[%clk 1:00:23]} Rf8 {[%clk 0:26:54]} 27. Be4
{[%clk 1:00:30]} Rae8 {[%clk 0:26:01]} 28. Bh6 {[%clk 1:00:29]} Bxe5
{[%clk 0:24:51]} 29. Bxf8 {[%clk 0:48:01]} Rxf8 {[%clk 0:25:18]} 30. Bd5
{[%clk 0:46:03]} Bxh2 {[%clk 0:23:14]} 31. Re1 {[%clk 0:46:00]} Qf4
{[%clk 0:19:35]} 32. Qxf4 {[%clk 0:39:48]} Bxf4 {[%clk 0:20:03]} 33. Re7
{[%clk 0:40:04]} a5 {[%clk 0:20:16]} 34. Kg1 {[%clk 0:39:53]} Bd6
{[%clk 0:20:10]} 35. Rd7 {[%clk 0:40:00]} Bc5+ {[%clk 0:20:31]} 36. Kh2
{[%clk 0:40:02]} h5 {[%clk 0:20:40]} 37. a4 {[%clk 0:39:52]} Kg7 {[%clk 0:20:56]}
38. Rb7 {[%clk 0:39:42]} g5 {[%clk 0:20:47]} 39. Kg3 {[%clk 0:39:33]} Kg6
{[%clk 0:20:31]} 40. Kf3 {[%clk 0:38:59]} f5 {[%clk 0:19:36]} 41. g3
{[%clk 0:39:03]} g4+ {[%clk 0:18:49]} 42. Kg2 {[%clk 0:39:04]} f4
{[%clk 0:15:52]} 43. Be4+ {[%clk 0:39:20]} Kg5 {[%clk 0:16:09]} 44. Rg7+
{[%clk 0:39:24]} Kf6 {[%clk 0:16:34]} 45. Rh7 {[%clk 0:39:44]} Ke5
{[%clk 0:16:00]} 46. Bd5 {[%clk 0:39:34]} f3+ {[%clk 0:14:51]} 47. Kf1
{[%clk 0:39:51]} Kd4 {[%clk 0:12:46]} 48. Bf7 {[%clk 0:39:46]} Ke3
{[%clk 0:12:00]} 49. Bd5 {[%clk 0:40:06]} Kd2 {[%clk 0:10:58]} 50. Rd7
{[%clk 0:40:30]} Kc3 {[%clk 0:10:23]} 51. Bf7 {[%clk 0:40:09]} h4
{[%clk 0:09:27]} 52. gxh4 {[%clk 0:37:04]} g3 {[%clk 0:09:44]} 53. Bg8
{[%clk 0:37:16]} g2+ {[%clk 0:09:59]} 0-1

[Event "Ïåðâåíñòâî Ìîñêâû ïî øàõìàòàì 2015 ñðåäè ìàëü÷èêîâ (Ì17)"]
[Site "Moscow"]
[Date "2015.11.19"]
[Round "8.7"]
[White "Âîéíèêîíèñ, Íèêèòà"]
[Black "Ãåéâîíäÿí, Àðñåí"]
[Result "1-0"]
[WhiteElo "1874"]
[BlackElo "1743"]
[PlyCount "0"]
[EventDate "2015.11.12"]

1. e4 {[%clk 1:30:57]} e6 {[%clk 1:28:48]} 2. d4 {[%clk 1:31:18]} d5
{[%clk 1:29:07]} 3. Nc3 {[%clk 1:31:43]} Nf6 {[%clk 1:29:32]} 4. Bg5
{[%clk 1:32:06]} dxe4 {[%clk 1:29:46]} 5. Nxe4 {[%clk 1:31:54]} Nbd7
{[%clk 1:30:10]} 6. Nf3 {[%clk 1:29:34]} h6 {[%clk 1:30:32]} 7. Bxf6
{[%clk 1:27:08]} Nxf6 {[%clk 1:30:45]} 8. Bd3 {[%clk 1:27:19]} a6
{[%clk 0:46:48]} 9. Nxf6+ {[%clk 1:08:03]} gxf6 {[%clk 0:45:40]} 10. Qe2
{[%clk 1:04:13]} Qd5 {[%clk 0:41:39]} 11. Bc4 {[%clk 0:58:13]} Qa5+
{[%clk 0:41:49]} 12. c3 {[%clk 0:57:18]} Qa4 {[%clk 0:41:47]} 13. Bb3
{[%clk 0:56:19]} Qb5 {[%clk 0:41:43]} 14. Bc4 {[%clk 0:55:49]} Qa4
{[%clk 0:41:50]} 15. d5 {[%clk 0:54:18]} Bd7 {[%clk 0:19:29]} 16. dxe6
{[%clk 0:28:17]} fxe6 {[%clk 0:19:31]} 17. Bxe6 {[%clk 0:21:16]} O-O-O
{[%clk 0:19:16]} 18. Bxd7+ {[%clk 0:19:44]} Qxd7 {[%clk 0:19:30]} 19. O-O
{[%clk 0:20:06]} Bd6 {[%clk 0:19:14]} 20. Rfe1 {[%clk 0:19:49]} Qa4
{[%clk 0:07:17]} 21. Qe4 {[%clk 0:19:28]} Qa5 {[%clk 0:01:02]} 22. Nd4
{[%clk 0:15:48]} Qg5 {[%clk 0:00:56]} 23. Ne6 {[%clk 0:13:48]} Qh5
{[%clk 0:01:18]} 24. Nxd8 {[%clk 0:13:39]} Qxh2+ {[%clk 0:00:58]} 25. Kf1
{[%clk 0:14:05]} Rxd8 {[%clk 0:00:50]} 26. Qe6+ {[%clk 0:14:11]} Kb8
{[%clk 0:01:15]} 27. Qh3 {[%clk 0:14:37]} Qf4 {[%clk 0:01:24]} 28. g3
{[%clk 0:14:09]} 1-0

[Event "Ïåðâåíñòâî Ìîñêâû ïî øàõìàòàì 2015 ñðåäè ìàëü÷èêîâ (Ì17)"]
[Site "Moscow"]
[Date "2015.11.19"]
[Round "8.8"]
[White "Ìèíàøêèí, Èãîðü"]
[Black "Òåéèòáàåâ, Àêòèëåê"]
[Result "0-1"]
[WhiteElo "1556"]
[BlackElo "2029"]
[PlyCount "0"]
[EventDate "2015.11.12"]

1. d4 {[%clk 1:30:52]} Nf6 {[%clk 1:30:32]} 2. c4 {[%clk 1:31:16]} g6
{[%clk 1:30:57]} 3. Nc3 {[%clk 1:31:33]} Bg7 {[%clk 1:31:24]} 4. e4
{[%clk 1:31:43]} d6 {[%clk 1:31:53]} 5. Nf3 {[%clk 1:31:44]} O-O {[%clk 1:32:18]}
6. Be2 {[%clk 1:32:03]} e5 {[%clk 1:32:44]} 7. O-O {[%clk 1:32:19]} exd4 8. Nxd4
{[%clk 1:31:58]} Re8 {[%clk 1:33:08]} 9. Bg5 {[%clk 1:26:54]} c6 {[%clk 1:28:47]}
10. Qc2 {[%clk 1:23:47]} Qb6 {[%clk 1:25:01]} 11. Be3 {[%clk 1:18:06]} Qc7
{[%clk 1:18:56]} 12. Rad1 {[%clk 1:16:21]} Na6 {[%clk 1:15:56]} 13. Nb3
{[%clk 1:12:39]} Qe7 {[%clk 1:14:38]} 14. f3 {[%clk 1:11:13]} d5 {[%clk 1:12:16]}
15. cxd5 {[%clk 1:10:15]} cxd5 {[%clk 1:12:38]} 16. Bxa6 {[%clk 1:09:54]} bxa6
{[%clk 1:11:53]} 17. Nxd5 {[%clk 1:09:50]} Nxd5 {[%clk 1:12:02]} 18. Rxd5
{[%clk 1:10:12]} Be6 {[%clk 1:11:57]} 19. Rd2 {[%clk 1:07:50]} Rec8
{[%clk 1:08:56]} 20. Qb1 {[%clk 1:06:00]} f5 {[%clk 0:53:38]} 21. Nd4
{[%clk 1:03:14]} Bc4 {[%clk 0:52:13]} 22. Rfd1 {[%clk 1:02:23]} fxe4
{[%clk 0:49:24]} 23. fxe4 {[%clk 1:01:40]} Re8 {[%clk 0:36:43]} 24. b3
{[%clk 0:56:32]} Qxe4 {[%clk 0:32:56]} 25. Qxe4 {[%clk 0:56:37]} Rxe4
{[%clk 0:33:25]} 26. Bf2 {[%clk 0:55:52]} Bb5 {[%clk 0:27:25]} 27. Nxb5
{[%clk 0:53:35]} axb5 {[%clk 0:27:50]} 28. Rd8+ {[%clk 0:53:31]} Re8
{[%clk 0:28:08]} 29. Rxa8 {[%clk 0:50:35]} Rxa8 {[%clk 0:28:33]} 30. Rd7
{[%clk 0:50:36]} a5 {[%clk 0:26:49]} 31. Rd5 {[%clk 0:50:11]} Rb8
{[%clk 0:26:52]} 32. Bg3 {[%clk 0:44:39]} Rb7 {[%clk 0:26:45]} 33. a4
{[%clk 0:36:50]} bxa4 {[%clk 0:26:06]} 34. bxa4 {[%clk 0:37:14]} Bc3
{[%clk 0:26:17]} 35. Be5 {[%clk 0:29:01]} Bb4 {[%clk 0:23:15]} 36. Bd4
{[%clk 0:24:59]} Kf7 {[%clk 0:20:18]} 37. Rb5 {[%clk 0:25:06]} Rxb5
{[%clk 0:15:22]} 38. axb5 {[%clk 0:25:30]} Ke6 {[%clk 0:15:40]} 39. g4
{[%clk 0:23:37]} Kd5 {[%clk 0:15:44]} 40. Bf6 {[%clk 0:23:04]} Kc5
{[%clk 0:16:03]} 41. Kf1 {[%clk 0:22:52]} Kxb5 {[%clk 0:16:31]} 42. Ke2
{[%clk 0:22:44]} Kc4 {[%clk 0:16:55]} 43. Kd1 {[%clk 0:21:41]} Kd3
{[%clk 0:16:53]} 44. h4 {[%clk 0:21:26]} a4 {[%clk 0:16:27]} 45. Kc1
{[%clk 0:21:33]} Bc3 {[%clk 0:11:29]} 46. Be7 {[%clk 0:21:30]} Bd4
{[%clk 0:11:13]} 47. h5 {[%clk 0:20:27]} Kc3 {[%clk 0:10:51]} 48. hxg6
{[%clk 0:20:37]} hxg6 {[%clk 0:11:20]} 49. g5 {[%clk 0:19:39]} Kb3
{[%clk 0:11:34]} 50. Bf6 {[%clk 0:14:49]} Be3+ {[%clk 0:07:38]} 51. Kb1
{[%clk 0:14:10]} a3 {[%clk 0:08:07]} 52. Ka1 {[%clk 0:12:13]} a2 {[%clk 0:08:07]}
0-1

[Event "Ïåðâåíñòâî Ìîñêâû ïî øàõìàòàì 2015 ñðåäè ìàëü÷èêîâ (Ì17)"]
[Site "Moscow"]
[Date "2015.11.19"]
[Round "8.9"]
[White "Ñàâåëüåâ, Àðòåì"]
[Black "Áóðõàíîâ, Âàñèëèé"]
[Result "1/2-1/2"]
[WhiteElo "1899"]
[BlackElo "1868"]
[PlyCount "0"]
[EventDate "2015.11.12"]

1. b3 {[%clk 1:30:00]} d5 {[%clk 1:30:03]} 2. Bb2 {[%clk 1:30:21]} c5
{[%clk 1:30:18]} 3. Nf3 {[%clk 1:29:42]} Bg4 {[%clk 1:26:07]} 4. Ne5
{[%clk 1:27:04]} Bf5 {[%clk 1:23:05]} 5. d3 {[%clk 1:26:13]} f6 {[%clk 1:08:17]}
6. Nf3 {[%clk 1:26:35]} e5 {[%clk 1:08:40]} 7. Nbd2 {[%clk 1:26:35]} Be6
{[%clk 1:03:50]} 8. g3 {[%clk 1:22:37]} Bd6 {[%clk 1:03:55]} 9. Bg2
{[%clk 1:23:03]} Qd7 {[%clk 1:03:16]} 10. c4 {[%clk 1:21:45]} d4 {[%clk 1:03:18]}
11. Ne4 {[%clk 1:20:41]} Nc6 {[%clk 1:01:52]} 12. e3 {[%clk 1:19:51]} Nge7
{[%clk 1:00:36]} 13. exd4 {[%clk 1:19:51]} exd4 {[%clk 1:00:33]} 14. O-O
{[%clk 1:18:54]} O-O {[%clk 0:59:03]} 15. Re1 {[%clk 1:18:28]} Rae8
{[%clk 0:55:19]} 16. Nfd2 {[%clk 1:12:32]} b6 {[%clk 0:43:20]} 17. Nxd6
{[%clk 1:10:48]} Qxd6 {[%clk 0:43:34]} 18. a3 {[%clk 1:10:48]} Kh8
{[%clk 0:43:44]} 19. Bc1 {[%clk 1:10:40]} Ng6 {[%clk 0:36:54]} 20. Ne4
{[%clk 1:09:25]} Qd7 {[%clk 0:35:23]} 21. Bd2 {[%clk 1:06:34]} Nce5
{[%clk 0:28:47]} 22. Qe2 {[%clk 1:02:13]} h6 {[%clk 0:22:40]} 23. f4
{[%clk 1:00:54]} Nf7 {[%clk 0:19:52]} 24. Qh5 {[%clk 0:55:46]} Kh7
{[%clk 0:19:38]} 25. h3 {[%clk 0:55:47]} Ne7 {[%clk 0:08:57]} 26. g4
{[%clk 0:51:30]} Nd6 {[%clk 0:07:26]} 27. f5 {[%clk 0:44:45]} Bg8
{[%clk 0:07:36]} 28. Nf2 {[%clk 0:37:52]} Nc6 {[%clk 0:06:51]} 29. Bf4
{[%clk 0:32:51]} Bf7 {[%clk 0:06:17]} 30. Qh4 {[%clk 0:33:07]} Rxe1+
{[%clk 0:05:50]} 31. Rxe1 {[%clk 0:33:32]} Re8 {[%clk 0:06:07]} 32. Rxe8
{[%clk 0:32:16]} Nxe8 {[%clk 0:06:34]} 33. Ne4 {[%clk 0:31:18]} Ne7
{[%clk 0:03:59]} 34. Qg3 {[%clk 0:30:46]} Qc8 {[%clk 0:02:40]} 35. Qe1
{[%clk 0:29:01]} Qd7 {[%clk 0:02:40]} 36. b4 {[%clk 0:27:27]} cxb4
{[%clk 0:02:35]} 37. Qxb4 {[%clk 0:27:18]} Nc8 {[%clk 0:02:00]} 38. Qb2
{[%clk 0:24:35]} Ne7 {[%clk 0:01:44]} 39. Bg3 {[%clk 0:24:26]} Nc6
{[%clk 0:01:59]} 40. c5 {[%clk 0:17:12]} bxc5 {[%clk 0:00:55]} 41. Nxc5
{[%clk 0:17:37]} Qe7 {[%clk 0:01:12]} 42. Ne4 {[%clk 0:11:45]} Ne5
{[%clk 0:01:14]} 43. Qxd4 {[%clk 0:10:33]} Qxa3 {[%clk 0:01:38]} 44. Nc3
{[%clk 0:10:57]} Qc1+ {[%clk 0:01:51]} 45. Kh2 {[%clk 0:11:19]} Qd2
{[%clk 0:02:03]} 46. Bxe5 {[%clk 0:10:38]} fxe5 {[%clk 0:02:31]} 47. Qxa7
{[%clk 0:09:28]} Qxc3 {[%clk 0:02:23]} 48. Qxf7 {[%clk 0:09:53]} Nf6
{[%clk 0:02:42]} 49. Qc4 {[%clk 0:09:19]} Qd2 {[%clk 0:02:48]} 50. Qc5
{[%clk 0:08:29]} Qxd3 {[%clk 0:02:43]} 51. Qxe5 {[%clk 0:08:53]} Qd2
{[%clk 0:02:57]} 52. Qg3 {[%clk 0:06:13]} Qd4 {[%clk 0:02:57]} 53. Bf3
{[%clk 0:03:55]} Qb2+ {[%clk 0:03:05]} 54. Bg2 {[%clk 0:03:44]} Qd4
{[%clk 0:03:31]} 55. Bf3 {[%clk 0:02:52]} Qb2+ {[%clk 0:03:58]} 56. Kg1
{[%clk 0:03:14]} Qa1+ {[%clk 0:04:16]} 57. Kg2 {[%clk 0:03:23]} Qb2+
{[%clk 0:04:41]} 58. Qf2 {[%clk 0:03:49]} Qb4 {[%clk 0:04:53]} 59. Qe2
{[%clk 0:04:02]} Qf4 {[%clk 0:04:34]} 60. h4 {[%clk 0:03:14]} Qc1
{[%clk 0:04:35]} 61. Qf2 {[%clk 0:03:20]} Qf4 {[%clk 0:03:58]} 62. Qg3
{[%clk 0:03:22]} Qxg3+ {[%clk 0:02:18]} 63. Kxg3 {[%clk 0:03:46]} g6
{[%clk 0:02:10]} 64. Kf4 {[%clk 0:03:17]} Nxg4 {[%clk 0:02:13]} 1/2-1/2

[Event "Ïåðâåíñòâî Ìîñêâû ïî øàõìàòàì 2015 ñðåäè ìàëü÷èêîâ (Ì17)"]
[Site "Moscow"]
[Date "2015.11.19"]
[Round "8.10"]
[White "Âåðøèíèí, Èâàí"]
[Black "Èñàåâ, Íèêîëàé"]
[Result "1-0"]
[WhiteElo "1707"]
[BlackElo "1616"]
[PlyCount "0"]
[EventDate "2015.11.12"]

1. d4 {[%clk 1:30:57]} d5 {[%clk 1:30:56]} 2. c4 {[%clk 1:31:22]} e6
{[%clk 1:31:21]} 3. Nc3 {[%clk 1:31:47]} Nf6 {[%clk 1:31:45]} 4. Bg5
{[%clk 1:32:12]} Nbd7 {[%clk 1:32:08]} 5. e3 {[%clk 1:32:32]} c6 {[%clk 1:32:34]}
6. Nf3 {[%clk 1:32:48]} Qa5 {[%clk 1:32:53]} 7. Nd2 {[%clk 1:33:11]} dxc4
{[%clk 1:33:09]} 8. Bxf6 {[%clk 1:26:51]} Nxf6 {[%clk 1:33:36]} 9. Nxc4
{[%clk 1:27:12]} Qc7 {[%clk 1:33:19]} 10. Be2 {[%clk 1:20:34]} Be7
{[%clk 1:23:40]} 11. O-O {[%clk 1:16:20]} O-O {[%clk 1:22:44]} 12. Bf3
{[%clk 1:10:18]} b6 {[%clk 1:09:16]} 13. Ne5 {[%clk 1:00:49]} Bb7
{[%clk 0:54:42]} 14. Rc1 {[%clk 0:52:46]} a6 {[%clk 0:43:08]} 15. Na4
{[%clk 0:31:57]} Nd5 {[%clk 0:36:09]} 16. Qb3 {[%clk 0:25:38]} b5
{[%clk 0:17:04]} 17. Nc5 {[%clk 0:20:39]} Rac8 {[%clk 0:15:06]} 18. g3
{[%clk 0:16:05]} Bd6 {[%clk 0:12:57]} 19. Ned3 {[%clk 0:14:11]} Rfe8
{[%clk 0:12:48]} 20. e4 {[%clk 0:10:38]} Nb6 {[%clk 0:11:52]} 21. Qc3
{[%clk 0:09:47]} e5 {[%clk 0:10:11]} 22. dxe5 {[%clk 0:09:53]} Bxc5
{[%clk 0:10:01]} 23. Nxc5 {[%clk 0:08:23]} Nc4 {[%clk 0:09:40]} 24. e6
{[%clk 0:07:19]} fxe6 {[%clk 0:08:32]} 25. Bg4 {[%clk 0:06:18]} Kh8
{[%clk 0:08:27]} 26. Bxe6 {[%clk 0:03:46]} Qe7 {[%clk 0:06:15]} 27. Bxc8
{[%clk 0:02:02]} Bxc8 {[%clk 0:06:44]} 28. b4 {[%clk 0:02:06]} Qf7
{[%clk 0:06:34]} 29. f4 {[%clk 0:01:43]} Qh5 {[%clk 0:06:11]} 30. Qf3
{[%clk 0:01:23]} Bg4 {[%clk 0:06:31]} 31. Qf2 {[%clk 0:00:55]} Rd8
{[%clk 0:06:21]} 32. Qg2 {[%clk 0:00:32]} Ne3 {[%clk 0:02:59]} 33. Qf2
{[%clk 0:00:33]} Nc4 {[%clk 0:02:46]} 34. Qg2 {[%clk 0:00:35]} h6
{[%clk 0:03:06]} 35. Rce1 {[%clk 0:00:33]} Rd2 {[%clk 0:02:19]} 36. Rf2
{[%clk 0:00:38]} Rd4 {[%clk 0:02:10]} 37. h4 {[%clk 0:00:41]} Nb6
{[%clk 0:01:44]} 38. Nxa6 {[%clk 0:00:33]} Bc8 {[%clk 0:01:40]} 39. Nc5
{[%clk 0:00:40]} Rxb4 {[%clk 0:02:06]} 40. e5 {[%clk 0:00:44]} Nd5
{[%clk 0:02:04]} 41. e6 {[%clk 0:00:41]} Ne3 {[%clk 0:01:35]} 42. Rxe3
{[%clk 0:00:41]} Qxc5 {[%clk 0:01:58]} 43. Re1 {[%clk 0:00:47]} Qe7
{[%clk 0:01:45]} 44. Qxc6 {[%clk 0:00:39]} Kg8 {[%clk 0:01:44]} 45. Qxc8+
{[%clk 0:01:02]} 1-0